[Event "51 CIS serie B/4"]
[Site "?"]
[Date "2019.03.15"]
[Round "1.1"]
[White "Bonassi, Tommaso"]
[Black "Mosca, Leonildo"]
[Result "1-0"]
[WhiteElo "2127"]
[BlackElo "2107"]
[PlyCount "65"]
[EventDate "2019.??.??"]
[WhiteTeam "Excelsior A"]
[BlackTeam "Clodiense 1"]

1. e4 Nf6 2. e5 Nd5 3. d4 d6 4. Nf3 dxe5 5. Nxe5 c6 6. c4 Nb6 7. Be3 N8d7 8.
Nf3 Nf6 9. Bd3 g6 10. Qc2 Bg7 11. h3 Qc7 12. Nbd2 Be6 13. a4 Rd8 14. a5 Nc8 15.
Nb3 Nd6 16. g4 O-O 17. Ng5 Bd7 18. O-O-O b6 19. Bf4 Qb7 20. Rhe1 Bc8 21. Nf3 e6
22. Ne5 Nde8 23. h4 Nd7 24. h5 Nxe5 25. dxe5 bxa5 26. hxg6 fxg6 27. Bg5 Rxd3
28. Rxd3 a4 29. Nd4 Qb4 30. Bd2 Qc5 31. f4 a3 32. bxa3 Nc7 33. Bb4 1-0

[Event "51 CIS serie B/4"]
[Site "?"]
[Date "2019.03.15"]
[Round "1.2"]
[White "Boscolo, Max"]
[Black "Asperti, Giovanni"]
[Result "1/2-1/2"]
[WhiteElo "1960"]
[BlackElo "2106"]
[PlyCount "173"]
[EventDate "2019.??.??"]
[WhiteTeam "Clodiense 1"]
[BlackTeam "Excelsior A"]

1. Nf3 c5 2. g3 Nc6 3. Bg2 g6 4. O-O Bg7 5. e4 d6 6. c3 e5 7. d3 Nge7 8. Nbd2
O-O 9. Rb1 h6 10. b4 cxb4 11. cxb4 Be6 12. b5 Nd4 13. Nxd4 exd4 14. Nb3 a6 15.
Bb2 Qb6 16. a4 axb5 17. axb5 Kh7 18. Ba1 Ra3 19. Nc1 Ra5 20. Ne2 Rfa8 21. f4
Rxb5 22. f5 gxf5 23. Kh1 Rxb1 24. Qxb1 Qxb1 25. Rxb1 Nc6 26. Nf4 Be5 27. Nxe6
fxe6 28. Rxb7+ Kg6 29. exf5+ exf5 30. Rb1 Ra6 31. Bd5 Ne7 32. Bc4 Ra8 33. Kg2
Kf6 34. Kf3 h5 35. Bb2 Rb8 36. Ba2 h4 37. gxh4 Rh8 38. Rh1 Rxh4 39. Bc4 Ng6 40.
Bc1 Rxh2 41. Rxh2 Bxh2 42. Kg2 Bf4 43. Ba3 Ke5 44. Bf7 Ne7 45. Kf3 Be3 46. Bb4
Nd5 47. Be1 Ne7 48. Bh4 Nc6 49. Be1 Kf6 50. Bd5 Ne5+ 51. Ke2 Ng6 52. Kf3 Bg5
53. Bf2 Ke5 54. Bf7 Kf6 55. Bxg6 Kxg6 56. Bxd4 Kf7 57. Bb6 Ke6 58. Ba5 Kd5 59.
Bb4 Bc1 60. Bc3 Ba3 61. Kf4 Ke6 62. Bd2 Bb2 63. Kf3 Be5 64. Ba5 Kd5 65. Bb6 Kc6
66. Be3 Kb5 67. d4 Bh2 68. Kg2 f4 69. Bf2 Bg3 70. Bg1 Kc4 71. Kf3 Kd3 72. d5
Kc4 73. Ke4 Be1 74. Kxf4 Kxd5 75. Ke3 Kc4 76. Ke2 Bg3 77. Be3 Kc3 78. Bd2+ Kc2
79. Bb4 d5 80. Bc5 Be5 81. Ke3 Kc3 82. Ba7 Bd6 83. Bd4+ Kc4 84. Bf6 Bb4 85. Ke2
Bc3 86. Bg5 Kb3 87. Kd3 1/2-1/2

[Event "51 CIS serie B/4"]
[Site "?"]
[Date "2019.03.15"]
[Round "1.3"]
[White "Colonetti, Fabio"]
[Black "Litrico, Paolo"]
[Result "1/2-1/2"]
[WhiteElo "2052"]
[BlackElo "1877"]
[PlyCount "88"]
[EventDate "2019.??.??"]
[WhiteTeam "Excelsior A"]
[BlackTeam "Clodiense 1"]

1. e4 e5 2. Nf3 Nc6 3. Bb5 a6 4. Ba4 Nf6 5. d3 b5 6. Bb3 Be7 7. O-O d6 8. c3
O-O 9. Re1 Na5 10. Bc2 c5 11. Nbd2 Nc6 12. Nf1 Qc7 13. Ng3 h6 14. h3 Nh7 15.
Nh2 Bg5 16. Ng4 Bxc1 17. Rxc1 Ne7 18. Ne3 Be6 19. Bb3 Ng5 20. Ngf5 Nxf5 21.
exf5 Bxb3 22. Qxb3 Nh7 23. Nd5 Qd8 24. d4 c4 25. Qd1 Nf6 26. dxe5 Nxd5 27. Qxd5
dxe5 28. Rxe5 Qg5 29. Rce1 Rad8 30. Qe4 Rd2 31. b3 cxb3 32. axb3 Rb2 33. Qb4
Rd8 34. h4 Qf6 35. R5e2 Rxe2 36. Rxe2 Rd1+ 37. Kh2 Qxf5 38. Qe4 Qxe4 39. Rxe4
Rb1 40. b4 Rc1 41. Re3 f6 42. Kg3 Kf7 43. Kf3 Rc2 44. g3 Ra2 1/2-1/2

[Event "51 CIS serie B/4"]
[Site "?"]
[Date "2019.03.15"]
[Round "1.4"]
[White "Bacchini, Stefano"]
[Black "Guerini, Silvia"]
[Result "0-1"]
[WhiteElo "1970"]
[BlackElo "1930"]
[PlyCount "94"]
[EventDate "2019.??.??"]
[WhiteTeam "Clodiense 1"]
[BlackTeam "Excelsior A"]

1. f4 d5 2. Nf3 g6 3. e3 Bg7 4. d3 c5 5. Be2 Nf6 6. O-O O-O 7. Nc3 Nc6 8. Ne5
a6 9. Bf3 Be6 10. e4 Nd4 11. Kh1 Nxf3 12. Qxf3 d4 13. Ne2 Nd7 14. Nxd7 Bxd7 15.
f5 b5 16. Bg5 h6 17. Bd2 g5 18. h4 f6 19. Qg4 Bc6 20. Rf3 Qd6 21. Rg3 Rf7 22.
Rf1 Bd7 23. Nf4 gxf4 24. Bxf4 e5 25. Bxh6 Qf8 26. h5 Kh8 27. Bxg7+ Rxg7 28. Qh3
Rxg3 29. Qxg3 Qg7 30. Kh2 Rg8 31. Qxg7+ Rxg7 32. Kh3 Be8 33. g4 c4 34. Rf2 Kh7
35. a3 Kh6 36. Rh2 cxd3 37. cxd3 Rc7 38. Kh4 Rc1 39. Rd2 Bf7 40. Kg3 Bb3 41.
Rh2 Rc2 42. Rh1 Rxb2 43. g5+ fxg5 44. f6 Rd2 45. Kg4 Be6+ 46. Kg3 Rxd3+ 47. Kg2
Rxa3 0-1

[Event "51 CIS serie B/4"]
[Site "?"]
[Date "2019.03.15"]
[Round "1.1"]
[White "Mameli, Gianluca"]
[Black "Rossi, Carlo"]
[Result "1/2-1/2"]
[WhiteElo "2101"]
[BlackElo "2253"]
[PlyCount "86"]
[EventDate "2019.??.??"]
[WhiteTeam "Marrubiu Red Tal"]
[BlackTeam "Marostica Lasker"]

1. e4 c5 2. Nf3 e6 3. d4 cxd4 4. Nxd4 a6 5. Bd3 Qc7 6. O-O Nf6 7. Qe2 Bd6 8. h3
Nc6 9. c3 b5 10. Be3 Bb7 11. Nd2 Bh2+ 12. Kh1 Bf4 13. a4 bxa4 14. Rxa4 O-O 15.
Rfa1 Nxd4 16. cxd4 Bxe3 17. Qxe3 Rfc8 18. Ra5 d5 19. e5 Nd7 20. h4 Qb6 21. Kh2
Nf8 22. Nb3 Ng6 23. Nc5 Ne7 24. R5a3 Bc6 25. Rb3 Bb5 26. Rxa6 Rxa6 27. Rxb5 Qc6
28. Nxa6 Qxa6 29. Rc5 Qb6 30. Qc1 Rf8 31. Qc2 g6 32. Qc3 Kg7 33. Rc7 Ng8 34. b4
Nh6 35. Qc5 Qb8 36. Qe7 Re8 37. Qc5 Qa8 38. b5 Qa1 39. Qc3 Ng4+ 40. Kg3 Qg1 41.
Kxg4 Qxg2+ 42. Kf4 Qxf2+ 43. Kg4 Qg2+ 1/2-1/2

[Event "51 CIS serie B/4"]
[Site "?"]
[Date "2019.03.15"]
[Round "1.2"]
[White "Micheli, Carlo"]
[Black "Sonis, Luca"]
[Result "0-1"]
[WhiteElo "2224"]
[BlackElo "1913"]
[PlyCount "70"]
[EventDate "2019.??.??"]
[WhiteTeam "Marostica Lasker"]
[BlackTeam "Marrubiu Red Tal"]

1. c4 e5 2. Nc3 Nf6 3. Nf3 Nc6 4. e4 d6 5. h3 Be7 6. d4 exd4 7. Nxd4 Nxd4 8.
Qxd4 O-O 9. Be2 h6 10. O-O Kh8 11. Be3 Nh7 12. Nd5 Be6 13. Bxh6 Bf6 14. Nxf6
Qxf6 15. Be3 Qg6 16. Kh2 Rad8 17. f4 c5 18. Qd3 f5 19. Bf3 Nf6 20. exf5 Bxf5
21. Qd2 Ne4 22. Bxe4 Bxe4 23. g4 Qe6 24. b3 Rfe8 25. Rae1 d5 26. cxd5 Rxd5 27.
Qf2 Qd6 28. Bc1 Rd4 29. Re2 Bc6 30. Rxe8+ Bxe8 31. Re1 Bc6 32. Re5 Rd1 33. Qxc5
Rh1+ 34. Kg3 Qd3+ 35. Be3 Rxh3+ 0-1

[Event "51 CIS serie B/4"]
[Site "?"]
[Date "2019.03.15"]
[Round "1.3"]
[White "Pannella, Leopoldo"]
[Black "Sader, MIchael"]
[Result "0-1"]
[WhiteElo "1877"]
[BlackElo "2216"]
[PlyCount "100"]
[EventDate "2019.??.??"]
[WhiteTeam "Marrubiu Red Tal"]
[BlackTeam "Marostica Lasker"]

1. e4 c5 2. Nf3 e6 3. d4 cxd4 4. Nxd4 a6 5. g3 Qc7 6. Bg2 Nf6 7. O-O d6 8. Nc3
Be7 9. h3 Nbd7 10. Qe2 Ne5 11. Rd1 O-O 12. f4 Ng6 13. Nb3 Rb8 14. h4 Re8 15. a4
b6 16. Be3 Bb7 17. Bf3 Rbc8 18. Qf2 Nd7 19. h5 Ngf8 20. Nd4 Qb8 21. g4 Qa8 22.
g5 Nc5 23. Qg2 g6 24. Nde2 Qb8 25. Ng3 Ncd7 26. Rd2 Bc6 27. hxg6 fxg6 28. Rad1
b5 29. axb5 axb5 30. f5 b4 31. Nce2 Ne5 32. f6 Bd8 33. b3 Bb6 34. Bd4 Nf7 35.
Nf1 Bb5 36. Kh1 Bxd4 37. Nxd4 Rc5 38. Qh3 Bxf1 39. Rxf1 Rxg5 40. Rh2 Qb6 41.
Rd1 Qc5 42. Bg4 Re5 43. Qd3 d5 44. exd5 exd5 45. Nf3 Re3 46. Qxd5 Re1+ 47. Nxe1
Rxe1+ 48. Kg2 Qg1+ 49. Kh3 Re3+ 50. Bf3 Rxf3+ 0-1

[Event "51 CIS serie B/4"]
[Site "?"]
[Date "2019.03.15"]
[Round "1.4"]
[White "Thurner, Markus"]
[Black "Pani, Paolo"]
[Result "1/2-1/2"]
[WhiteElo "1997"]
[BlackElo "1833"]
[PlyCount "155"]
[EventDate "2019.??.??"]
[WhiteTeam "Marostica Lasker"]
[BlackTeam "Marrubiu Red Tal"]

1. e4 e5 2. Bc4 Bc5 3. Nf3 Nc6 4. O-O Nf6 5. Nc3 O-O 6. d3 h6 7. Be3 Bb6 8. Nd5
d6 9. Nxb6 axb6 10. Qd2 Ng4 11. h3 Nxe3 12. fxe3 Be6 13. Bb3 Bxb3 14. axb3 Qe7
15. Qf2 Qf6 16. Qg3 Qg6 17. Qf2 Qf6 18. Qe1 Qe7 19. Qg3 Kh7 20. Qf2 Rxa1 21.
Rxa1 f5 22. Rf1 fxe4 23. Ng5+ Qxg5 24. Qxf8 Qxe3+ 25. Kh2 Nd4 26. c3 Ne2 27.
Qf5+ Kh8 28. Qc8+ Kh7 29. Qf5+ Kh8 30. Qxe4 Qg3+ 31. Kh1 Nf4 32. Qf3 Qg6 33. d4
Nh5 34. Kh2 e4 35. Qf8+ Kh7 36. Qf5 Qxf5 37. Rxf5 Nf6 38. Rf1 Kg6 39. Kg3 d5
40. Ra1 Kf5 41. Kf2 Ne8 42. Ra8 Nd6 43. Rf8+ Ke6 44. g4 b5 45. Ke3 Ke7 46. Rb8
Kf6 47. Kf4 b6 48. Rf8+ Ke7 49. Rb8 Kf6 50. Rf8+ Ke7 51. Ra8 b4 52. cxb4 Kf6
53. Rf8+ Ke7 54. Ra8 Kf6 55. Rh8 Ke6 56. Rd8 Kf6 57. h4 g5+ 58. hxg5+ hxg5+ 59.
Ke3 Ke6 60. Rg8 Nf7 61. Rg6+ Ke7 62. Kd2 b5 63. Ke3 Kd7 64. Rf6 Ke7 65. Rc6 Kd7
66. Ra6 Nd6 67. Ra7 Nc8 68. Ra8 Nd6 69. Rf8 Ke7 70. Rg8 Nf7 71. Kd2 Kd7 72. Rb8
Nd6 73. Rh8 Nf7 74. Rh1 Ke7 75. Rf1 Nd6 76. Ke3 Ke6 77. Rf8 Nf7 78. Rd8 1/2-1/2

[Event "51 CIS serie B/4"]
[Site "?"]
[Date "2019.03.16"]
[Round "2.1"]
[White "Mosca, Leonildo"]
[Black "Rossi, Carlo"]
[Result "1/2-1/2"]
[WhiteElo "2107"]
[BlackElo "2253"]
[PlyCount "69"]
[EventDate "2019.??.??"]
[WhiteTeam "Clodiense 1"]
[BlackTeam "Marostica Lasker"]

1. e4 Nc6 2. d4 d5 3. e5 f6 4. f4 Bf5 5. Nf3 e6 6. Bd3 Be4 7. Be3 Nh6 8. c3 Nf5
9. Qe2 Qd7 10. exf6 gxf6 11. Nbd2 Bxd3 12. Qxd3 Rg8 13. Rg1 h5 14. O-O-O O-O-O
15. g3 Kb8 16. Bf2 Na5 17. Kb1 Qa4 18. Rde1 Rd6 19. b3 Qd7 20. h3 Rb6 21. g4
hxg4 22. hxg4 Nd6 23. Ka1 Ne4 24. Nxe4 Nxb3+ 25. axb3 Rxb3 26. Re2 Ra3+ 27. Ra2
Rxa2+ 28. Kxa2 Qa4+ 29. Kb1 Qb3+ 30. Kc1 dxe4 31. Qxe4 Qxc3+ 32. Kd1 Bd6 33.
Qe3 Qa1+ 34. Ke2 Qa6+ 35. Kd1 1/2-1/2

[Event "51 CIS serie B/4"]
[Site "?"]
[Date "2019.03.16"]
[Round "2.2"]
[White "Micheli, Carlo"]
[Black "Boscolo, Max"]
[Result "1-0"]
[WhiteElo "2224"]
[BlackElo "1960"]
[PlyCount "55"]
[EventDate "2019.??.??"]
[WhiteTeam "Marostica Lasker"]
[BlackTeam "Clodiense 1"]

1. c4 e5 2. Nc3 Nc6 3. g3 g6 4. Bg2 Bg7 5. d3 d6 6. Rb1 Nge7 7. b4 O-O 8. b5
Nd4 9. e3 Ne6 10. Nge2 f5 11. f4 Kh8 12. O-O Rb8 13. Ba3 Re8 14. d4 e4 15. g4
fxg4 16. Nxe4 Nf5 17. Qd2 Nh4 18. N2g3 Nxg2 19. Qxg2 Nf8 20. Bb2 d5 21. Ng5 Kg8
22. cxd5 h6 23. N5e4 Kh8 24. d6 cxd6 25. d5 Bf5 26. Nxf5 gxf5 27. Ng3 Qd7 28.
Nh5 1-0

[Event "51 CIS serie B/4"]
[Site "?"]
[Date "2019.03.16"]
[Round "2.3"]
[White "Litrico, Paolo"]
[Black "Sader, Michael"]
[Result "1/2-1/2"]
[WhiteElo "1877"]
[BlackElo "2216"]
[PlyCount "78"]
[EventDate "2019.??.??"]
[WhiteTeam "Clodiense 1"]
[BlackTeam "Marostica Lasker"]

1. d4 g6 2. e4 Bg7 3. Nf3 d6 4. Nc3 Bg4 5. Be2 Nd7 6. Be3 e6 7. Qd2 a6 8. h3
Bxf3 9. Bxf3 c6 10. O-O d5 11. Rfe1 Ne7 12. Bg5 f6 13. Bh6 Kf7 14. exd5 exd5
15. Bxg7 Kxg7 16. Ne2 Re8 17. Nf4 Nf8 18. Re2 Nf5 19. Rae1 Rxe2 20. Rxe2 Qd6
21. Bg4 Ne7 22. Qe3 Ng8 23. Qg3 Rd8 24. Qe3 f5 25. Bf3 Rd7 26. Nd3 b6 27. Ne5
Re7 28. Qb3 c5 29. dxc5 Qxc5 30. Qxd5 Qxd5 31. Bxd5 Nf6 32. Bf3 b5 33. Nc6 Rc7
34. Nd4 Kf7 35. Nc6 Ne6 36. Nb4 Nd4 37. Rd2 Nxf3+ 38. gxf3 a5 39. Nd3 Nh5
1/2-1/2

[Event "51 CIS serie B/4"]
[Site "?"]
[Date "2019.03.16"]
[Round "2.4"]
[White "Thurner, Markus"]
[Black "Bacchini, Stefano"]
[Result "1-0"]
[WhiteElo "1997"]
[BlackElo "1970"]
[PlyCount "69"]
[WhiteTeam "Marostica Lasker"]
[BlackTeam "Clodiense 1"]

1. e4 Nf6 2. e5 Nd5 3. d4 d6 4. Nf3 dxe5 5. Nxe5 c6 6. c3 Nd7 7. Nd3 g6 8. Nd2
Bg7 9. Nf3 O-O 10. Be2 Qc7 11. c4 N5b6 12. Bf4 Qd8 13. Rc1 Nf6 14. O-O Bg4 15.
Nde5 Bxf3 16. Bxf3 Nbd7 17. Qb3 Qb6 18. Rfd1 Qxb3 19. axb3 Rac8 20. Rc2 Rfd8
21. Rcd2 e6 22. Kf1 Nb6 23. Ra1 a6 24. Ke2 h6 25. h4 Kf8 26. Rad1 Ke8 27. Be3
Nbd7 28. Bf4 Nb6 29. Rd3 Ke7 30. Bd2 Nbd7 31. Ba5 Re8 32. Bb4+ c5 33. dxc5 Nxc5
34. Bxb7 Rc7 35. Bc6 1-0

[Event "51 CIS Serie B/4"]
[Site "Verona"]
[Date "2019.03.16"]
[Round "2.1"]
[White "Sgaravatti, Francesco"]
[Black "Mameli, Gianluca"]
[Result "0-1"]
[WhiteElo "2106"]
[BlackElo "2101"]
[PlyCount "74"]
[EventDate "2019.03.15"]
[EventType "team"]
[EventRounds "5"]
[EventCountry "ITA"]
[WhiteTeam "CIB Unigas E. Canal Venezia B"]
[BlackTeam "Marrubiu Red Tal Oristano"]
[WhiteTeamCountry "ITA"]
[BlackTeamCountry "ITA"]

1. e4 Nf6 2. e5 Nd5 3. d4 Nb6 4. a4 a5 5. Qh5 d6 6. Bb5+ c6 7. Bd3 g6 8. Qh4
Na6 9. exd6 Nb4 10. Be4 Qxd6 11. c3 N4d5 12. Nf3 Bg7 13. O-O h6 14. Qg3 Qxg3
15. hxg3 Be6 16. Re1 g5 17. Nbd2 Nc7 18. Bc2 O-O-O 19. Nb3 Bxb3 20. Bxb3 e6 21.
g4 Nbd5 22. g3 Ne8 23. Ne5 Rf8 24. f3 Nef6 25. Kg2 Kc7 26. Re2 Nd7 27. Nxd7
Rxd7 28. f4 f5 29. gxf5 Rxf5 30. fxg5 hxg5 31. Bc2 Rf8 32. Bxg5 Rg8 33. Bh7 Rh8
34. Be4 Nb6 35. Bf3 Rf7 36. Bf4+ Kd7 37. Bg4 Rf6 0-1

[Event "51 CIS Serie B/4"]
[Site "Verona"]
[Date "2019.03.16"]
[Round "2.2"]
[White "Sonis, Luca"]
[Black "Pastres, Roberto"]
[Result "0-1"]
[WhiteElo "1913"]
[BlackElo "2055"]
[PlyCount "70"]
[EventDate "2019.03.15"]
[EventType "team"]
[EventRounds "5"]
[EventCountry "ITA"]
[WhiteTeam "Marrubiu Red Tal Oristano"]
[BlackTeam "CIB Unigas E. Canal Venezia B"]
[WhiteTeamCountry "ITA"]
[BlackTeamCountry "ITA"]

1. e4 c5 2. Nf3 Nc6 3. d4 cxd4 4. Nxd4 Qb6 5. Nb3 Nf6 6. Nc3 e6 7. a3 a6 8. Be3
Qc7 9. f4 d6 10. Bd3 Be7 11. O-O O-O 12. Qf3 g6 13. f5 Ne5 14. Qe2 Re8 15. Nd4
Nfg4 16. Kh1 Nxe3 17. Qxe3 Qd8 18. Qh3 Bf6 19. Nde2 Bd7 20. Rad1 Rc8 21. Rf2
Bg7 22. Rdf1 Qb6 23. fxe6 fxe6 24. Rf7 Nxf7 25. e5 Nxe5 26. Be4 d5 27. Bf3 Bb5
28. Nxb5 Qxb5 29. Re1 Qxb2 30. Nf4 Qc3 31. Rf1 Nxf3 32. gxf3 Qf6 33. Qg3 Rf8
34. Nh3 Rc3 35. Ng5 h6 0-1

[Event "51 CIS Serie B/4"]
[Site "Verona"]
[Date "2019.03.16"]
[Round "2.3"]
[White "Bianchi, Andrea"]
[Black "Pannella, Leopoldo"]
[Result "1-0"]
[WhiteElo "2088"]
[BlackElo "1877"]
[PlyCount "63"]
[EventDate "2019.03.15"]
[EventType "team"]
[EventRounds "5"]
[EventCountry "ITA"]
[WhiteTeam "CIB Unigas E. Canal Venezia B"]
[BlackTeam "Marrubiu Red Tal Oristano"]
[WhiteTeamCountry "ITA"]
[BlackTeamCountry "ITA"]

1. e4 c5 2. Nf3 d6 3. d4 cxd4 4. Qxd4 Nc6 5. Bb5 Bd7 6. Bxc6 Bxc6 7. Nc3 Nf6 8.
Bg5 e6 9. O-O-O Be7 10. Rhe1 O-O 11. Qd2 Qa5 12. Kb1 Qa6 13. Nd4 Rfc8 14. f4 h6
15. h4 b5 16. Qd3 Qb7 17. Nxc6 Rxc6 18. Qf3 Kf8 19. Bxf6 Bxf6 20. e5 dxe5 21.
fxe5 Bxh4 22. Rf1 Rb6 23. Qh5 Bg5 24. Ne4 g6 25. Qxg6 Qe7 26. Qh7 Ke8 27. Nxg5
hxg5 28. Qg8+ Qf8 29. Qxf8+ Kxf8 30. Rd7 f5 31. exf6 e5 32. g4 1-0

[Event "51 CIS Serie B/4"]
[Site "Verona"]
[Date "2019.03.16"]
[Round "2.4"]
[White "Pani, Paolo"]
[Black "Bertaglia, Luca"]
[Result "1-0"]
[WhiteElo "1833"]
[BlackElo "2066"]
[PlyCount "97"]
[EventDate "2019.03.15"]
[EventType "team"]
[EventRounds "5"]
[EventCountry "ITA"]
[WhiteTeam "Marrubiu Red Tal Oristano"]
[BlackTeam "CIB Unigas E. Canal Venezia B"]
[WhiteTeamCountry "ITA"]
[BlackTeamCountry "ITA"]

1. e4 c5 2. Nf3 e6 3. d4 cxd4 4. Nxd4 a6 5. Nc3 Qc7 6. Bd3 Bc5 7. Nb3 Be7 8.
O-O Nf6 9. Be3 b5 10. a3 Bb7 11. f4 d6 12. h3 Nbd7 13. Qe2 d5 14. exd5 Nxd5 15.
Nxd5 Bxd5 16. Bd4 Bf6 17. Bxf6 Nxf6 18. f5 O-O 19. fxe6 fxe6 20. Nd2 e5 21.
Rae1 Rae8 22. Ne4 Nxe4 23. Bxe4 Rxf1+ 24. Rxf1 Bc4 25. Bd3 e4 26. Bxc4+ bxc4
27. Qe3 Qb7 28. b3 cxb3 29. Qxb3+ Qxb3 30. cxb3 Rb8 31. b4 Rc8 32. a4 Rc2 33.
Rb1 Kf7 34. b5 axb5 35. axb5 Rc7 36. b6 Rb7 37. Kf2 Ke6 38. Ke3 Kd5 39. Rb2 h6
40. Rb1 g6 41. Rb2 g5 42. Rb1 Kc6 43. Kxe4 Re7+ 44. Kf5 Kb7 45. Rb2 Rd7 46. Re2
Rd5+ 47. Kg4 Rb5 48. Re7+ Kxb6 49. Re6+ 1-0

[Event "51 CIS serie B/4"]
[Site "?"]
[Date "2019.03.16"]
[Round "2.1"]
[White "Ventura, Salvatore"]
[Black "Lezzerini, Marco"]
[Result "1/2-1/2"]
[WhiteElo "2122"]
[BlackElo "2089"]
[PlyCount "61"]
[EventDate "2019.??.??"]
[WhiteTeam "Excelsior A"]
[BlackTeam "Alto Garda"]

1. e4 e6 2. d4 d5 3. Nd2 c5 4. Ngf3 cxd4 5. exd5 Qxd5 6. Bc4 Qd6 7. O-O Nf6 8.
Nb3 Nc6 9. Nbxd4 Nxd4 10. Qxd4 Qxd4 11. Nxd4 a6 12. a4 Bd6 13. Re1 O-O 14. Bg5
e5 15. Nf3 Re8 16. Rad1 Bc7 17. Bxf6 gxf6 18. Bd5 Rb8 19. c4 Ba5 20. Re3 Be6
21. Kf1 Red8 22. Ke2 Rbc8 23. Bxe6 fxe6 24. Rxd8+ Bxd8 25. b3 Bb6 26. Rc3 Kf7
27. Ne1 Bd8 28. Rh3 Kg7 29. Rg3+ Kf7 30. Rh3 Kg7 31. Rg3+ 1/2-1/2

[Event "51 CIS serie B/4"]
[Site "?"]
[Date "2019.03.16"]
[Round "2.2"]
[White "Mora, Massimo"]
[Black "Bonassi, Tommaso"]
[Result "1/2-1/2"]
[WhiteElo "1907"]
[BlackElo "2127"]
[PlyCount "144"]
[EventDate "2019.??.??"]
[WhiteTeam "Alto Garda"]
[BlackTeam "Excelsior A"]

1. Nf3 Nf6 2. c4 e6 3. g3 d5 4. Bg2 Be7 5. b3 b6 6. Bb2 c5 7. cxd5 exd5 8. d4
Bb7 9. O-O O-O 10. Nc3 Nbd7 11. Rc1 Re8 12. e3 Ne4 13. Ne2 Bf6 14. Rc2 Ba6 15.
Re1 c4 16. Nf4 Nf8 17. Nd2 b5 18. Nxe4 dxe4 19. bxc4 bxc4 20. Bf1 Rb8 21. Bc3
Ne6 22. Nxe6 Rxe6 23. Qd2 Qd5 24. Rb2 Rxb2 25. Qxb2 Rb6 26. Qc2 Be7 27. Rb1 h5
28. Rxb6 axb6 29. Qa4 Bb5 30. Qa7 Bd8 31. Bb4 g6 32. Qb8 Kg7 33. Bg2 Bc6 34. h4
Qd7 35. Bxe4 Bxe4 36. Qe5+ Bf6 37. Qxe4 Qa4 38. a3 c3 39. Bxc3 Qxa3 40. Qc2 b5
41. Qd2 Qb3 42. Bb4 Qd5 43. Bc5 Kh7 44. Qa5 Qc6 45. Qa7 Kg7 46. Qb8 Qd7 47.
Qf8+ Kh7 48. Bd6 Bg7 49. Qb8 Qf5 50. Qb7 Qb1+ 51. Kg2 Qf5 52. e4 Qe6 53. e5 Qc4
54. Qb6 Qd5+ 55. Kg1 Qf3 56. Qc5 Qe4 57. Qb4 Qe2 58. Qc3 Bh6 59. Bb4 Qe4 60.
Bc5 Bg7 61. Kf1 Bh6 62. Qb3 Kg8 63. f3 Qa8 64. e6 fxe6 65. Qxe6+ Kh7 66. Qf7+
Bg7 67. d5 Qa1+ 68. Kg2 Qa2+ 69. Bf2 Qd2 70. Qe6 b4 71. d6 b3 72. Qxb3 Qxd6
1/2-1/2

[Event "51 CIS serie B/4"]
[Site "?"]
[Date "2019.03.16"]
[Round "2.3"]
[White "Guerini, Silvia"]
[Black "Lombardo, Filippo"]
[Result "1-0"]
[WhiteElo "1930"]
[BlackElo "1723"]
[PlyCount "131"]
[EventDate "2019.??.??"]
[WhiteTeam "Excelsior A"]
[BlackTeam "Alto Garda"]

1. e4 e5 2. Nf3 Nc6 3. Bc4 Be7 4. c3 Nf6 5. d3 O-O 6. O-O d5 7. exd5 Nxd5 8.
Re1 Nb6 9. Bb3 Bg4 10. Qe2 Qd6 11. Nbd2 Rad8 12. Bc2 f5 13. Nf1 f4 14. N1d2 Qh6
15. b4 Rf5 16. b5 Rh5 17. Nf1 Nd5 18. Bb3 Na5 19. Bxd5+ Rxd5 20. Qe4 Bxf3 21.
Qxf3 Rxb5 22. c4 Rb6 23. Bxf4 Qg6 24. Bxe5 Nc6 25. Bxc7 Ra6 26. Ng3 Rg5 27. Qe4
Bf6 28. Qxg6 Rxg6 29. Rab1 b6 30. Ne4 Be7 31. Re2 Nd4 32. Re3 Rxa2 33. Nc3 Ra3
34. Rxe7 Rxc3 35. Re3 Nc2 36. Rh3 Re6 37. g4 Na3 38. Rd1 Nxc4 39. Bb8 Re7 40.
Kg2 Nb2 41. Rd2 Na4 42. d4 Rxh3 43. Kxh3 Rd7 44. Be5 Nc3 45. f3 b5 46. Rb2 a5
47. d5 b4 48. Bxc3 bxc3 49. Rc2 Kf7 50. Rxc3 Ke7 51. Kg3 Kd6 52. Rc6+ Ke5 53.
f4+ Kd4 54. d6 a4 55. Ra6 h6 56. Rxa4+ Kc5 57. Re4 Rxd6 58. Re7 g5 59. fxg5
hxg5 60. Re5+ Rd5 61. Rxd5+ Kxd5 62. h4 gxh4+ 63. Kxh4 Ke6 64. Kg5 Kf7 65. Kh6
Kg8 66. Kg6 1-0

[Event "51 CIS serie B/4"]
[Site "?"]
[Date "2019.03.16"]
[Round "2.4"]
[White "Arifi, Krenar"]
[Black "Cappelletto, Joshuaede"]
[Result "0-1"]
[WhiteElo "1622"]
[BlackElo "2097"]
[PlyCount "108"]
[EventDate "2019.??.??"]
[WhiteTeam "Alto Garda"]
[BlackTeam "Excelsior A"]

1. Nf3 Nf6 2. c4 c5 3. Nc3 Nc6 4. g3 g6 5. Bg2 Bg7 6. d3 O-O 7. O-O d5 8. Bf4
d4 9. Nb5 Nh5 10. Qd2 a6 11. Na3 Nxf4 12. Qxf4 e5 13. Qd2 h6 14. Nc2 Qe7 15.
Rab1 a5 16. a3 Be6 17. b4 axb4 18. axb4 Ra2 19. bxc5 Qxc5 20. Rb5 Qd6 21. Rxb7
Rfa8 22. Rfb1 R8a6 23. Nfe1 Ne7 24. Qc1 R6a5 25. R1b6 Qc5 26. Rb8+ Kh7 27. Qb1
Bf5 28. f3 Be6 29. Rb5 Qc7 30. Rxa5 Qxa5 31. f4 Nf5 32. Ra8 Qxa8 33. Bxa8 Rxa8
34. fxe5 Bxe5 35. Nf3 Bf6 36. g4 Ne3 37. Nxe3 dxe3 38. Kg2 Re8 39. h3 Kg7 40.
Qb5 Re7 41. g5 hxg5 42. Nxg5 Bd7 43. Qc5 Re5 44. Qc7 Rxg5+ 45. Kh1 Bxh3 46. Qa7
Bg2+ 47. Kg1 Rg4 48. Qd7 Bh3+ 49. Kh2 Rh4 50. Qd6 Bf1+ 51. Kg3 Bxe2 52. c5 Rg4+
53. Kh3 Rg5 54. c6 Bf1+ 0-1

[Event "51 CIS serie B/4"]
[Site "?"]
[Date "2019.03.16"]
[Round "3.1"]
[White "Lezzerini, Marco"]
[Black "Mosca, Leonildo"]
[Result "1-0"]
[WhiteElo "2089"]
[BlackElo "2107"]
[PlyCount "63"]
[EventDate "2019.??.??"]
[WhiteTeam "Alto Garda"]
[BlackTeam "Clodiense 1"]

1. d4 Nf6 2. c4 c5 3. d5 b5 4. cxb5 a6 5. e3 axb5 6. Bxb5 Bb7 7. Nc3 e6 8. e4
Qb6 9. a4 Be7 10. Nf3 O-O 11. O-O Na6 12. Ne5 Qc7 13. Nc4 exd5 14. exd5 d6 15.
Bf4 Nb4 16. Ne3 Rfd8 17. Re1 h6 18. Qf3 Ra7 19. Bc4 Ba6 20. Bxa6 Rxa6 21. Nf5
Bf8 22. Qg3 Kh7 23. Qh4 Nfxd5 24. Bg5 f6 25. Nxd5 Nxd5 26. Qe4 hxg5 27. Ne7+
Kh8 28. Nxd5 Qf7 29. Ra3 g6 30. Rh3+ Kg8 31. Qc4 Kg7 32. Qxa6 1-0

[Event "51 CIS serie B/4"]
[Site "?"]
[Date "2019.03.16"]
[Round "3.2"]
[White "Boscolo, Max"]
[Black "Mora, Massimo"]
[Result "1/2-1/2"]
[WhiteElo "1960"]
[BlackElo "1907"]
[PlyCount "85"]
[EventDate "2019.??.??"]
[WhiteTeam "Clodiense 1"]
[BlackTeam "Alto Garda"]

1. d4 Nf6 2. c4 g6 3. g3 Bg7 4. Bg2 c5 5. d5 d6 6. Nf3 Na6 7. Nc3 Rb8 8. O-O
O-O 9. e4 Nc7 10. a4 a6 11. a5 b5 12. axb6 Rxb6 13. h3 Bd7 14. Qe2 Qc8 15. Kh2
e5 16. dxe6 Bxe6 17. Ng5 Rb4 18. Nxe6 Qxe6 19. Rd1 Qxc4 20. Qxc4 Rxc4 21. Rxd6
Nfe8 22. Rd7 Bxc3 23. bxc3 Rxc3 24. Bh6 Rc2 25. Kg1 c4 26. Bf1 Ne6 27. Bxf8
Kxf8 28. Rxa6 Nc5 29. Raa7 Nxd7 30. Rxd7 Nf6 31. Rd4 c3 32. Rc4 Rc1 33. Kg2 Nd7
34. f4 Ke7 35. Bd3 f6 36. Kf2 Kd6 37. Ke3 Nb6 38. Rb4 Kc5 39. Rb5+ Kc6 40. Rb3
Kc5 41. Rb5+ Kc6 42. Rb3 Kc5 43. Rb5+ 1/2-1/2

[Event "51 CIS serie B/4"]
[Site "?"]
[Date "2019.03.16"]
[Round "3.3"]
[White "Lombardo, Filippo"]
[Black "Bacchini, Stefano"]
[Result "0-1"]
[WhiteElo "1723"]
[BlackElo "1970"]
[PlyCount "78"]
[EventDate "2019.??.??"]
[WhiteTeam "Alto Garda"]
[BlackTeam "Clodiense 1"]

1. e4 Nf6 2. e5 Nd5 3. d4 d6 4. Nf3 dxe5 5. dxe5 Bg4 6. c4 Nb4 7. Qxd8+ Kxd8 8.
Nd4 c5 9. Bd2 cxd4 10. Bxb4 Nc6 11. Ba3 Nxe5 12. h3 Bf5 13. Nd2 Nc6 14. g4 Bg6
15. f4 f6 16. f5 Bf7 17. Bg2 e6 18. Bxf8 Rxf8 19. fxe6 Bxe6 20. Bxc6 bxc6 21.
Ke2 c5 22. b3 Re8 23. Kf3 Kc7 24. Ne4 Bd7 25. Rhe1 Bc6 26. Kf4 Re5 27. Nxc5 g5+
28. Kg3 Rxc5 29. Re7+ Kb6 30. Rd1 Rd8 31. Rf7 Re5 32. Rxf6 Re2 33. h4 Rde8 34.
c5+ Kc7 35. Rf7+ Kb8 36. Rd3 Rg2+ 37. Kh3 Ree2 38. Rf8+ Kb7 39. Rf7+ Ka6 0-1